A02_町村の人口×面積ランキングTOP100 - Statistics

General Stats
  • This quiz has been taken 45 times
  • The average score is 61 of 100
Answer Stats
順位 都道府
県名
人口×
面積
(万人*
km^2)
人口
(人)
面積
(km^2)
市町村名 % Correct
2 北海道 2362.9 20,591 1,147.6 新ひだか町
89%
7 北海道 1413.0 14,779 956.1 八雲町
89%
12 北海道 1101.9 11,107 992.1 日高町
89%
15 宮城県 987.1 21,427 460.7 加美町
89%
21 北海道 869.0 6,172 1,408.0 足寄町
89%
41 兵庫県 577.4 15,657 368.8 香美町
89%
1 北海道 2407.5 18,068 1,332.5 遠軽町
86%
50 徳島県 505.8 7,278 695.0 那賀町
86%
4 北海道 1871.7 14,210 1,317.2 別海町
78%
8 群馬県 1350.7 17,293 781.1 みなかみ町
78%
24 北海道 795.2 11,453 694.3 浦河町
75%
29 富山県 754.9 24,567 307.3 立山町
75%
44 北海道 520.9 7,323 711.4 むかわ町
75%
56 北海道 469.9 18,642 252.0 釧路町
75%
99 北海道 330.6 3,150 1,049.5 上川町
75%
6 岐阜県 1531.5 19,062 803.4 揖斐川町
72%
14 高知県 989.0 15,398 642.3 四万十町
72%
18 新潟県 897.2 9,416 952.9 阿賀町
72%
19 和歌山県 894.1 25,412 351.8 有田川町
72%
20 栃木県 894.0 24,011 372.3 那須町
72%
25 北海道 788.3 10,694 737.1 斜里町
72%
34 北海道 638.3 9,432 676.8 美瑛町
72%
37 北海道 620.5 8,395 739.1 厚岸町
72%
39 北海道 588.4 5,531 1,063.8 新得町
72%
42 北海道 551.0 7,127 773.1 白糠町
72%
61 石川県 450.7 18,263 246.8 志賀町
72%
65 北海道 435.3 5,337 815.7 大樹町
72%
66 北海道 431.3 16,505 261.3 倶知安町
72%
10 福島県 1217.4 13,733 886.5 南会津町
69%
11 広島県 1109.1 17,164 646.2 北広島町
69%
16 岩手県 931.6 15,301 608.8 雫石町
69%
31 北海道 657.7 15,451 425.6 白老町
69%
46 北海道 514.2 6,640 774.3 弟子屈町
69%
48 北海道 511.3 13,865 368.8 森町
69%
92 兵庫県 351.2 18,966 185.2 多可町
69%
3 北海道 2002.5 42,971 466.0 音更町
67%
5 北海道 1536.8 22,440 684.9 中標津町
67%
23 岩手県 797.7 8,038 992.4 岩泉町
67%
28 北海道 769.4 6,999 1,099.4 標茶町
64%
32 北海道 646.4 15,286 422.9 当別町
64%
63 北海道 443.8 6,948 638.7 せたな町
64%
69 岩手県 426.8 11,841 360.5 岩手町
64%
9 北海道 1223.6 25,617 477.6 幕別町
61%
22 北海道 814.4 7,300 1,115.7 枝幸町
61%
40 鹿児島県 582.2 19,157 303.9 さつま町
61%
49 福島県 506.8 12,836 394.9 猪苗代町
61%
53 山形県 484.7 19,453 249.2 庄内町
61%
62 富山県 450.4 19,027 236.7 上市町
61%
71 愛媛県 417.0 7,145 583.7 久万高原町
61%
93 青森県 344.1 7,038 488.9 深浦町
61%
13 高知県 997.7 21,183 471.0 いの町
58%
38 北海道 597.0 27,544 216.8 七飯町
58%
47 福島県 511.9 18,526 276.3 会津美里町
58%
88 北海道 358.3 8,907 402.3 清水町
58%
95 香川県 337.4 17,350 194.5 まんのう町
58%
17 北海道 922.5 17,955 513.8 芽室町
56%
26 岩手県 786.3 32,904 239.0 紫波町
56%
36 鹿児島県 626.4 11,591 540.4 屋久島町
56%
51 山形県 496.9 6,737 737.6 小国町
56%
52 茨城県 487.1 14,952 325.8 大子町
56%
54 青森県 482.9 14,320 337.2 七戸町
56%
72 石川県 415.0 15,187 273.3 能登町
56%
74 広島県 412.8 14,841 278.1 世羅町
56%
81 京都府 386.2 12,742 303.1 京丹波町
56%
100 福井県 330.3 9,611 343.7 南越前町
56%
55 長野県 477.5 10,031 476.0 木曽町
53%
59 愛媛県 454.9 19,038 238.9 愛南町
53%
68 山梨県 427.1 26,965 158.4 富士河口湖町
53%
73 石川県 414.2 37,457 110.6 津幡町
53%
78 大分県 403.0 14,063 286.6 玖珠町
53%
80 山形県 390.8 21,681 180.3 高畠町
53%
84 長崎県 366.6 17,130 214.0 新上五島町
53%
87 北海道 358.4 6,009 596.5 広尾町
53%
91 茨城県 353.4 49,489 71.4 阿見町
53%
98 北海道 332.1 4,784 694.2 上士幌町
53%
33 群馬県 640.3 14,576 439.3 中之条町
50%
43 青森県 534.0 16,354 326.5 東北町
50%
58 岩手県 455.9 15,051 302.9 洋野町
50%
77 北海道 403.8 7,983 505.8 湧別町
50%
97 長野県 337.0 21,599 156.0 軽井沢町
50%
27 北海道 780.9 17,813 438.4 美幌町
47%
30 熊本県 722.9 13,272 544.7 山都町
47%
35 宮城県 630.6 27,964 225.5 大和町
47%
79 福島県 393.6 20,494 192.1 西郷村
47%
82 茨城県 374.3 30,784 121.6 茨城町
47%
83 岩手県 374.2 14,240 262.8 山田町
47%
45 岡山県 514.7 12,265 419.7 鏡野町
44%
60 愛媛県 451.6 15,081 299.4 内子町
44%
70 島根県 417.3 11,339 368.0 奥出雲町
44%
75 島根県 408.1 9,734 419.3 邑南町
44%
85 三重県 362.5 14,131 256.6 紀北町
44%
64 三重県 439.3 41,056 107.0 菰野町
42%
76 和歌山県 405.2 20,161 201.0 白浜町
42%
86 秋田県 362.3 14,609 248.0 三種町
42%
89 熊本県 357.7 15,284 234.0 芦北町
42%
90 熊本県 356.9 36,013 99.1 大津町
42%
96 北海道 337.3 4,539 743.1 平取町
42%
57 兵庫県 466.3 15,166 307.4 佐用町
39%
67 鹿児島県 429.5 13,944 308.0 肝付町
39%
94 福島県 338.6 15,174 223.1 浪江町
31%
No matching quizzes found
Score Distribution
Percent of People with Each Score
Percentile by Number Answered
Your Score History
You have not taken this quiz